Rozbory hospodářské činnosti

Salvato in:
Dettagli Bibliografici
Autore principale: Zavíral, Jan
Ente Autore: Vysoká škola ekonomická v Praze
Natura: Libro
Lingua:ceco
Pubblicazione: Praha Vysoká škola ekonomická 1985
Edizione:2. přeprac. vyd.
Tags: Aggiungi Tag
Nessun Tag, puoi essere il primo ad aggiungerne!!

MARC

LEADER 00000nam a2200000 4500
001 c105061
005 20190201124812.5
041 0 |a cze 
044 |a CZ 
245 1 0 |a Rozbory hospodářské činnosti  |c Jan Zavíral a kol. 
250 |a 2. přeprac. vyd. 
264 1 |a Praha  |b Vysoká škola ekonomická  |c 1985 
300 |a 127 s. 
100 1 |a Zavíral, Jan 
710 2 |a Vysoká škola ekonomická v Praze